Effectif PSG 24-25 - Statistiques

Statistiques générales
  • Ce quiz a été pris 194 fois
  • Le résultat moyen est 20 sur 26
Statistiques - réponses
Poste Joueur % Correct
Gardien Donnarumma
98%
Ailier Barcola
95%
Latéral droit Hakimi
95%
Ailier Dembélé
93%
Défenseur central Marquinhos
91%
Latéral gauche Mendes
91%
Milieu Vitinha
90%
Buteur Ramos
89%
Défenseur central/Latéral gauche Hernandez
87%
Milieu Neves
85%
Milieu Ruiz
85%
Défenseur central Pacho
84%
Milieu Zaïre-Emery
81%
Gardien Tenas
79%
Buteur Kolo Muani
76%
Gardien Safonov
73%
Milieu offensif/Ailier Lee
72%
Défenseur central Kimpembe
71%
Ailier Doué
70%
Défenseur central/Latéral gauche Beraldo
68%
Milieu offensif/Ailier Mayulu
67%
Ailier/Faux 9 Asensio
66%
Défenseur central Skriniar
60%
Latéral Zague
47%
Buteur/ailier Mbaye
42%
Milieu Kari
7%
Aucun quiz correspondant
Distribution des résultats
% des personnes avec chaque résultat
Percentile par nombre de réponses
Votre historique - résultats
Vous n’avez pas pris ce quiz